000
00356nam a2200157Ia 4500
005
20240506020937.0
008
240331s9999 xx 000 0 und d
020
_a
3928112635
082
_b
HEI
_a
331.6
100
_a
Heidemann, Frank
245
0
_a
Kanganies in Sri Lanka and Malaysia
260
_a
300
_a
110 p .,
650
_a
Laws
942
_c
L
999
_c
2695
_d
2695